000 00509nam a2200181Ia 4500
008 151018s9999 xx 000 0 und d
082 _bRBASDV19861
_a891.463
100 _aव बा बोधे
245 _aपारवा
250 _b1
260 _bगुलमोहर प्रकाशन सातारा
_c1987
300 _a51
600 _aव बा बोधे
630 _aपारवा
700 _aव बा बोधे
730 _aपारवा
942 _cBOOK
999 _c1020489
_d1020486